Most streamed artists of 2022 in the US - Statistics

General Stats
  • This quiz has been taken 28 times
  • The average score is 30 of 100
Answer Stats
Rank Streams Artist % Correct
3 4 803 M Taylor Swift
91%
1 6 716 M Drake
87%
31 1 721 M Justin Bieber
87%
8 3 554 M Kanye West
83%
40 1 596 M Ariana Grande
78%
11 2 918 M Eminem
78%
32 1 718 M Rihanna
78%
22 2 024 M Beyoncé
70%
57 1 229 M Michael Jackson
70%
60 1 169 M Nicki Minaj
70%
16 2 592 M Harry Styles
65%
13 2 667 M Kendrick Lamar
65%
5 3 752 M The Weeknd
65%
4 4 154 M Bad Bunny
61%
45 1 473 M BTS
61%
24 1 963 M Ed Sheeran
61%
48 1 439 M The Beatles
57%
82 976 M Katy Perry
52%
15 2 619 M Post Malone
52%
21 2 236 M Billie Eilish
48%
43 1 526 M Bruno Mars
48%
75 1 003 M Dua Lipa
48%
69 1 035 M Queen
48%
54 1 347 M Travis Scott
48%
50 1 413 M Coldplay
43%
9 3 424 M Future
43%
17 2 422 M J. Cole
43%
84 973 M Lady Gaga
43%
14 2 664 M Lil Baby
43%
38 1 623 M Lil Wayne
43%
92 928 M One Direction
43%
42 1 541 M Adele
39%
18 2 417 M Doja Cat
39%
6 3 746 M Juice WRLD
39%
26 1 931 M Lil Uzi Vert
39%
28 1 873 M XXXTentacion
39%
59 1 179 M Frank Ocean
35%
35 1 696 M Imagine Dragons
35%
52 1 379 M Maroon 5
35%
37 1 643 M Pop Smoke
35%
61 1 114 M SZA
35%
2 5 412 M YoungBoy NBA
35%
30 1 791 M Chris Brown
30%
64 1 086 M DaBaby
30%
73 1 008 M Kane Brown
30%
99 904 M Migos
30%
39 1 618 M Olivia Rodrigo
30%
36 1 671 M Tyler, The Creator
30%
66 1 064 M Kid Cudi
26%
55 1 304 M Megan Thee Stallion
26%
7 3 721 M Morgan Wallen
26%
74 1 004 M Steve Lacy
26%
97 915 M Halsey
22%
81 976 M Khalid
22%
68 1 036 M Young Thug
22%
58 1 185 M DJ Khaled
17%
33 1 704 M Gunna
17%
34 1 701 M Jack Harlow
17%
19 2 402 M Kodak Black
17%
83 975 M Lana Del Rey
17%
10 3 011 M Lil Durk
17%
77 997 M Luke Bryan
17%
20 2 333 M Luke Combs
17%
51 1 389 M Playboi Carti
17%
23 1 964 M Polo G
17%
44 1 483 M Zach Bryan
17%
65 1 069 M 2Pac
13%
96 916 M AC DC
13%
78 997 M Brent Faiyaz
13%
80 982 M Glass Animals
13%
94 917 M Lil Peep
13%
95 917 M Lil Tjay
13%
29 1 810 M Mac Miller
13%
76 999 M Metallica
13%
90 934 M Roddy Ricch
13%
56 1 242 M Trippie Redd
13%
41 1 595 M Yeat
13%
98 912 M Jhené Aiko
9%
62 1 110 M King Von
9%
91 933 M Machine Gun Kelly
9%
87 941 M Panic! at the Disco
9%
88 937 M Red Hot Chili Peppers
9%
89 937 M Summer Walker
9%
47 1 461 M A Boogie wit da Hoodie
4%
53 1 352 M Jason Aldean
4%
93 923 M Linkin Park
4%
79 996 M Meek Mill
4%
27 1 891 M Suicideboys
4%
71 1 032 M The Neighbourhood
4%
85 964 M Usher
4%
86 952 M AJR
0%
46 1 469 M Chris Stapleton
0%
67 1 057 M Fleetwood Mac
0%
100 897 M George Strait
0%
70 1 034 M Gucci Mane
0%
25 1 959 M Kevin Gates
0%
49 1 420 M Moneybagg Yo
0%
63 1 102 M NF
0%
12 2 845 M Rod Wave
0%
72 1 028 M Young Dolph
0%
No matching quizzes found
Score Distribution
Percent of People with Each Score
Percentile by Number Answered
Your Score History
You have not taken this quiz